| 000 | 00595nam a2200241 a 4500 | ||
|---|---|---|---|
| 001 | nice12345678 | ||
| 003 | IN_TiNIC | ||
| 005 | 20260116011337.0 | ||
| 008 | 050524s1905 laha grp 000 0 urd | ||
| 020 |
_a _c100 |
||
| 082 | 0 | 0 |
_a297.409 _bNOO |
| 100 | _aNoor Ahmed, Chishti | ||
| 245 | _aTahqeeqaat-E-Chishti | ||
| 260 |
_aLahore _bHameedia Agency _c1905 |
||
| 300 | _a788p | ||
| 500 | _aincludes index and biblioraphy | ||
| 505 | 2 | _a4 Volume Bound in One Book | |
| 650 | _aSufism-Hagiography | ||
| 700 | 1 | _aNoor Ahmed, Chishti | |
| 902 | _bRHR | ||
| 942 | _cBK | ||
| 999 |
_c694 _d694 |
||